[Event "Prva liga Centralne Srbije 2010"]
[Site "Valjevo"]
[Date "2010.09.26"]
[Round "11.1"]
[White "Milanovic, Slavisa"]
[Black "Szabo, Gergely-Andras-Gyula"]
[Result "1-0"]
[WhiteElo "2389"]
[BlackElo "2552"]
[PlyCount "124"]
[EventDate "2010.09.18"]

1. c4 c5 2. Nf3 Nc6 3. Nc3 e5 4. d3 g6 5. g3 Bg7 6. Bg2 Nge7 7. O-O d6 8. Rb1
O-O 9. a3 a5 10. Ne1 Be6 11. Nc2 d5 12. cxd5 Nxd5 13. Bd2 a4 14. Ne3 Nb6 15.
Bxc6 bxc6 16. Ne4 Nd7 17. Rc1 Bb3 18. Qe1 f5 19. Nxc5 Nxc5 20. Rxc5 f4 21. Ng2
f3 22. exf3 Qxd3 23. Qe3 Rxf3 24. Qxd3 Rxd3 25. Bc3 Bd5 26. Ne1 Rxc3 27. Rxc3
e4 28. Rc2 Rb8 29. Ng2 Rb3 30. Ne3 Bxb2 31. Rd1 Bf7 32. Rxc6 Rxa3 33. Rd8+ Kg7
34. Rd7 Rd3 35. Ra7 Bd4 36. Rxa4 Bxe3 37. fxe3 Rxe3 38. Rc7 h5 39. Re7 Rf3 40.
Raxe4 Kf6 41. Rc7 Bd5 42. Rf4+ Rxf4 43. gxf4 Kf5 44. Rc5 Ke4 45. Kf2 h4 46. Rb5
Bc6 47. Rb4+ Kf5 48. Rb6 Ba4 49. Ra6 Bc2 50. Kf3 Be4+ 51. Ke3 Bg2 52. Ra5+ Kf6
53. Rg5 Bh3 54. Ke4 Bd7 55. Rc5 Ba4 56. Rc8 Bd7 57. Rf8+ Kg7 58. Rd8 Bf5+ 59.
Ke5 Bb1 60. Rd7+ Kh6 61. Kf6 Bf5 62. Rd5 Be4 1-0

[Event "Prva liga Centralne Srbije 2010"]
[Site "Valjevo"]
[Date "2010.09.26"]
[Round "11.1"]
[White "Boskovic, Drasko"]
[Black "Sandic, Vladeta"]
[Result "1-0"]
[WhiteElo "2417"]
[BlackElo "2331"]
[PlyCount "61"]
[EventDate "2010.09.18"]

1. d4 c5 2. d5 Nf6 3. Nc3 g6 4. e4 d6 5. f4 Bg7 6. Nf3 O-O 7. Be2 Na6 8. O-O
Nc7 9. a4 b6 10. Bc4 e6 11. dxe6 Bxe6 12. Bxe6 fxe6 13. e5 Nfd5 14. Ne4 dxe5
15. fxe5 h6 16. g3 Ne7 17. Qe2 Nf5 18. c3 Nd5 19. Bd2 Qe7 20. c4 Nb4 21. Bc3
Nc6 22. Nf6+ Kh8 23. Qe4 Ncd4 24. g4 Rad8 25. gxf5 exf5 26. Qf4 Bxf6 27. Qxh6+
Qh7 28. Qxh7+ Kxh7 29. exf6 Rxf6 30. Rae1 Rd7 31. Re8 1-0

[Event "Prva liga Centralne Srbije 2010"]
[Site "Valjevo"]
[Date "2010.09.26"]
[Round "11.1"]
[White "Ivanovic, Dragutin"]
[Black "Stankovic, Milos"]
[Result "1/2-1/2"]
[WhiteElo "2329"]
[BlackElo "2315"]
[PlyCount "20"]
[EventDate "2010.09.18"]

1. d4 Nf6 2. c4 e6 3. Nf3 b6 4. a3 Bb7 5. Nc3 Be7 6. d5 O-O 7. e4 d6 8. Bd3
exd5 9. exd5 Nbd7 10. O-O Re8 1/2-1/2

[Event "Prva liga Centralne Srbije 2010"]
[Site "Valjevo"]
[Date "2010.09.26"]
[Round "11.1"]
[White "Krstic, Petar"]
[Black "Sorgic, Dragan"]
[Result "0-1"]
[WhiteElo "2347"]
[BlackElo "2289"]
[PlyCount "90"]
[EventDate "2010.09.18"]

1. e4 d6 2. d4 Nf6 3. Nc3 g6 4. f4 Bg7 5. Nf3 c5 6. Be3 cxd4 7. Nxd4 O-O 8. Be2
e5 9. Nb3 exf4 10. Bxf4 Re8 11. Qd3 Nxe4 12. Nxe4 Bf5 13. Bf3 d5 14. O-O-O Nc6
15. Qxd5 Qxd5 16. Rxd5 Bxe4 17. Rd7 Bxf3 18. gxf3 b6 19. Rc7 Rac8 20. Rxc8 Rxc8
21. Re1 f5 22. Kb1 Kf7 23. c4 Nd8 24. Rd1 Rxc4 25. Rd7+ Ke6 26. Rxg7 Rxf4 27.
Rxa7 Kd6 28. Rxh7 Rxf3 29. Nd2 Rf2 30. Nc4+ Kc5 31. Rc7+ Kb4 32. Nxb6 Rxh2 33.
Nd5+ Kb5 34. Nc3+ Kb6 35. Nd5+ Kb5 36. b4 Ne6 37. Rc8 Rd2 38. Ne7 f4 39. Rb8+
Ka4 40. Nxg6 f3 41. Ra8+ Kxb4 42. Rb8+ Ka4 43. Ra8+ Kb5 44. Rb8+ Ka6 45. Re8
Re2 0-1

[Event "Prva liga Centralne Srbije 2010"]
[Site "Valjevo"]
[Date "2010.09.26"]
[Round "11.1"]
[White "Nikolic, Dragovan"]
[Black "Misailovic, Nebojsa"]
[Result "1/2-1/2"]
[WhiteElo "2296"]
[BlackElo "2303"]
[PlyCount "128"]
[EventDate "2010.09.18"]

1. d4 Nf6 2. Nf3 g6 3. Bf4 Bg7 4. e3 O-O 5. Be2 d6 6. h3 c5 7. c3 Qb6 8. Qb3
Qxb3 9. axb3 cxd4 10. exd4 Nc6 11. b4 Re8 12. b5 Nb8 13. O-O e5 14. dxe5 Nd5
15. Bg3 dxe5 16. Rd1 Nf4 17. Bxf4 exf4 18. Bf1 Nd7 19. Nbd2 Nc5 20. Nc4 Be6 21.
Ng5 Bf5 22. Nd6 Re7 23. Nxf5 gxf5 24. Bc4 a5 25. Rd5 Ne4 26. Nf3 Rc8 27. Bf1 b6
28. Rxf5 Bh6 29. Re1 Rce8 30. Rd1 Rc7 31. Re5 Rxe5 32. Nxe5 Bf8 33. Rd4 f5 34.
Bd3 Re7 35. Bc4+ Kg7 36. Nc6 Re8 37. Rd7+ Kf6 38. Nd4 Bc5 39. Rxh7 Rd8 40. Rh6+
Kg5 41. Ne6+ Kxh6 42. Nxd8 Nxf2 43. Kf1 Nd1 44. Ke1 Nxb2 45. Be6 Kg5 46. Kd2 a4
47. Kc2 a3 48. Bb3 Kh4 49. Ne6 Be3 50. Nd4 Kg5 51. Nf3+ Kf6 52. Ba2 Bf2 53. Bb3
Ke7 54. Nd4 Kf6 55. Nf3 Bc5 56. Nd2 Ke5 57. Ba2 Be7 58. Bb3 Kd6 59. Nc4+ Nxc4
60. Bxc4 Kc5 61. Be2 Kd5 62. Kb3 Ke4 63. Bf3+ Kd3 64. h4 Bxh4 1/2-1/2

[Event "Prva liga Centralne Srbije 2010"]
[Site "Valjevo"]
[Date "2010.09.26"]
[Round "11.1"]
[White "Civric, Zdravko"]
[Black "Vuckovic, Branko"]
[Result "0-1"]
[WhiteElo "2204"]
[BlackElo "2243"]
[PlyCount "90"]
[EventDate "2010.09.18"]

1. d4 d5 2. Bf4 Nf6 3. e3 Bg4 4. f3 Bh5 5. g4 Bg6 6. h4 h5 7. g5 Ng8 8. Bd3
Bxd3 9. Qxd3 c6 10. g6 f6 11. Bxb8 Qxb8 12. Ne2 Qd6 13. Nd2 O-O-O 14. O-O-O e6
15. Kb1 Qd7 16. c4 Bd6 17. c5 Bc7 18. b4 Ne7 19. Ka1 Rh6 20. b5 cxb5 21. Rb1 a6
22. c6 Nxc6 23. Rhc1 Qe8 24. Nb3 Bb6 25. Nc5 Bxc5 26. Rxc5 Kd7 27. Nf4 Ke7 28.
Re1 Kf8 29. e4 dxe4 30. Rxe4 e5 31. d5 Kg8 32. Ne6 Qxe6 33. dxe6 Rxd3 34. Rxc6
Rd8 35. e7 Re8 36. Rc7 Rxg6 37. Rxb7 Kf7 38. Ra7 Rxe7 39. Rxa6 Rc7 40. Kb2 Rg2+
41. Kb3 Rcc2 42. a4 bxa4+ 43. Raxa4 Rcf2 44. f4 Rg3+ 45. Kc4 Rxf4 0-1

[Event "Prva liga Centralne Srbije 2010"]
[Site "Valjevo"]
[Date "2010.09.26"]
[Round "11.2"]
[White "Kojovic, Dragan"]
[Black "Rusev, Krasimir"]
[Result "1/2-1/2"]
[WhiteElo "2388"]
[BlackElo "2524"]
[PlyCount "74"]
[EventDate "2010.09.18"]

1. e4 d6 2. d4 Nf6 3. Nc3 e5 4. dxe5 dxe5 5. Qxd8+ Kxd8 6. Bc4 Ke8 7. Nf3 Bd6
8. Bg5 Nbd7 9. O-O-O a6 10. a3 b5 11. Bd5 Nxd5 12. Nxd5 Rb8 13. Nh4 f6 14. Bd2
g6 15. Ba5 Rb7 16. g3 Kf7 17. f3 Ke6 18. Rhe1 c6 19. Ne3 Bc7 20. Bxc7 Rxc7 21.
Rd2 Nb6 22. f4 exf4 23. gxf4 Rd7 24. f5+ gxf5 25. exf5+ Kf7 26. Rxd7+ Nxd7 27.
Ng4 Ne5 28. Nxe5+ fxe5 29. Rxe5 Kf6 30. Rc5 Bd7 31. Nf3 Rg8 32. Kd2 Re8 33. Nd4
Re4 34. Nxc6 Rh4 35. Nb4 Rxh2+ 36. Ke3 Bxf5 37. Nxa6 h5 1/2-1/2

[Event "Prva liga Centralne Srbije 2010"]
[Site "Valjevo"]
[Date "2010.09.26"]
[Round "11.2"]
[White "Radovanovic, Dusan"]
[Black "Solomunovic, Igor"]
[Result "1-0"]
[WhiteElo "2387"]
[BlackElo "2406"]
[PlyCount "109"]
[EventDate "2010.09.18"]

1. d4 d5 2. c4 e6 3. Nc3 Be7 4. cxd5 exd5 5. Bf4 c6 6. Qc2 g6 7. e3 Bf5 8. Qd2
Nf6 9. f3 Nbd7 10. g4 Be6 11. Bd3 Nb6 12. Nge2 Bd6 13. h4 h5 14. g5 Ng8 15. e4
Ne7 16. O-O-O Qd7 17. Kb1 O-O-O 18. b3 Kb8 19. Kb2 Ka8 20. Bxd6 Qxd6 21. Rc1
dxe4 22. fxe4 Qb4 23. Qc2 Rxd4 24. Nxd4 Qxd4 25. Kb1 Nd7 26. Bc4 Qe5 27. Bxe6
Qxe6 28. Rcd1 Ne5 29. Qd2 Nc8 30. Rhf1 Re8 31. Rf4 b6 32. Qd4 Kb7 33. Rf6 Qh3
34. Rxf7+ Nxf7 35. Qd7+ Qxd7 36. Rxd7+ Ka6 37. Rxf7 Nd6 38. Rf4 b5 39. Kc2 Kb6
40. Kd3 Re7 41. Rf6 Kc7 42. Rxg6 b4 43. Ne2 Nxe4 44. Nd4 Nf2+ 45. Kc4 Re4 46.
Rxc6+ Kb7 47. Rf6 Ng4 48. Re6 Rf4 49. Kc5 Nf2 50. Re7+ Ka6 51. Ne6 Rxh4 52. Kc6
Nd3 53. Nc7+ Ka5 54. Re3 Rd4 55. Ne6 1-0

[Event "Prva liga Centralne Srbije 2010"]
[Site "Valjevo"]
[Date "2010.09.26"]
[Round "11.2"]
[White "Vratonjic, Slobo"]
[Black "Radivojevic, Ivan"]
[Result "1/2-1/2"]
[WhiteElo "2404"]
[BlackElo "2361"]
[PlyCount "68"]
[EventDate "2010.09.18"]

1. d4 Nf6 2. Nf3 e6 3. Bg5 c5 4. e3 Qb6 5. Qc1 Ne4 6. Bf4 cxd4 7. exd4 Nc6 8.
c3 d5 9. Nbd2 Nf6 10. Bd3 Be7 11. O-O O-O 12. h3 Bd7 13. b4 Rfc8 14. Qb2 Qd8
15. a4 Be8 16. Rfe1 Bd6 17. Bxd6 Qxd6 18. a5 b6 19. Nb3 Rab8 20. Ra3 Qc7 21.
axb6 axb6 22. Rea1 Ne7 23. Nbd2 Nd7 24. Bb5 Nf6 25. Ba6 Rd8 26. Bd3 Nc8 27. Ne5
Nd7 28. Ndf3 Nf8 29. b5 f6 30. Ng4 Nd6 31. Ne3 Rdc8 32. Qb4 Qd7 33. Re1 Bg6 34.
Bxg6 Nxg6 1/2-1/2

[Event "Prva liga Centralne Srbije 2010"]
[Site "Valjevo"]
[Date "2010.09.26"]
[Round "11.2"]
[White "Zivkovic, Ivan B"]
[Black "Rabrenovic, Vladan"]
[Result "1/2-1/2"]
[WhiteElo "2327"]
[BlackElo "2384"]
[PlyCount "57"]
[EventDate "2010.09.18"]

1. e4 d6 2. d4 g6 3. Nf3 Bg7 4. c3 Nf6 5. Bd3 Nbd7 6. O-O e5 7. Re1 O-O 8. h3
b6 9. Nbd2 Bb7 10. Nf1 Re8 11. Ng3 a6 12. a4 d5 13. Bg5 h6 14. Bd2 dxe4 15.
Nxe4 Nxe4 16. Bxe4 Bxe4 17. Rxe4 f5 18. Qb3+ Kf8 19. Re2 e4 20. Rae1 Qf6 21.
Nh2 Qf7 22. Qc2 Kg8 23. f3 Nf6 24. Qc1 Kh7 25. Bf4 Nh5 26. fxe4 fxe4 27. Rf1
Qc4 28. Qc2 c5 29. dxc5 1/2-1/2

[Event "Prva liga Centralne Srbije 2010"]
[Site "Valjevo"]
[Date "2010.09.26"]
[Round "11.2"]
[White "Sredojevic, Ivan"]
[Black "Bojovic, Dusan"]
[Result "1-0"]
[WhiteElo "2390"]
[BlackElo "2342"]
[PlyCount "127"]
[EventDate "2010.09.18"]

1. e4 c5 2. Nf3 e6 3. d4 cxd4 4. Nxd4 Nc6 5. Nb5 d6 6. Bf4 e5 7. Be3 a6 8. N5c3
Nf6 9. Bg5 Be7 10. Bxf6 Bxf6 11. Nd5 O-O 12. a4 Bg5 13. Na3 Be6 14. c3 Rb8 15.
Nc4 f5 16. exf5 Rxf5 17. Be2 Rf7 18. O-O Ne7 19. Ncb6 Nxd5 20. Nxd5 Qd7 21. Bc4
Rbf8 22. Qd3 Bh4 23. Nb6 Bxc4 24. Qxc4 Qc6 25. Qb3 Kh8 26. g3 Bd8 27. Nc4 b5
28. axb5 axb5 29. Ne3 Bb6 30. Qd5 Qxd5 31. Nxd5 Bxf2+ 32. Kg2 g6 33. Ra6 Bc5
34. Rxf7 Rxf7 35. b4 Ba7 36. Rxd6 Rf2+ 37. Kh3 Rd2 38. Rd8+ Kg7 39. Rd7+ Kh6
40. Rxa7 Rxd5 41. Re7 Kg5 42. Rxh7 Kf5 43. Rc7 g5 44. Rf7+ Kg6 45. Rf3 e4 46.
Rf8 Rd3 47. Kg4 e3 48. Rf5 e2 49. Re5 Kf6 50. Rxe2 Rxc3 51. Kh5 Rc4 52. Rf2+
Kg7 53. Kxg5 Rxb4 54. h4 Rc4 55. Rf5 b4 56. Rb5 Rc3 57. Rb7+ Kg8 58. g4 Rc5+
59. Kh6 Rc6+ 60. Kh5 Rc5+ 61. g5 Rc4 62. g6 Rc5+ 63. Kh6 Rc8 64. Rxb4 1-0

[Event "Prva liga Centralne Srbije 2010"]
[Site "Valjevo"]
[Date "2010.09.26"]
[Round "11.2"]
[White "Toth, Aleksandar"]
[Black "Lazic, Dragoljub"]
[Result "1-0"]
[WhiteElo "2296"]
[BlackElo "2319"]
[PlyCount "112"]
[EventDate "2010.09.18"]

1. e4 c5 2. Nf3 d6 3. c3 Nf6 4. h3 g6 5. Bd3 Bg7 6. Bc2 O-O 7. O-O b6 8. d4 Bb7
9. Re1 Qc8 10. a3 Na6 11. Nbd2 Nc7 12. Nf1 cxd4 13. cxd4 d5 14. e5 Nfe8 15. Ng5
Ne6 16. Nxe6 Qxe6 17. f4 f5 18. Ne3 Nc7 19. Qf3 Qd7 20. Bb3 Rad8 21. Nc2 a5 22.
Rd1 e6 23. Ne3 Ba6 24. Bc2 Rc8 25. Bd2 Nb5 26. Be1 Na7 27. Bh4 Rc7 28. Rd2 Bc4
29. g4 Kh8 30. Kh1 a4 31. Rg1 b5 32. gxf5 exf5 33. Bg5 Nc8 34. Rdg2 Rc6 35. Qg3
Bb3 36. Bb1 Nb6 37. Bd3 Nc4 38. Bxc4 Bxc4 39. Rc2 Bd3 40. Rxc6 Qxc6 41. Be7 Re8
42. Bc5 Qd7 43. Rc1 Be4+ 44. Kh2 Rc8 45. Rc3 Qe6 46. Qh4 Kg8 47. Bd6 Rxc3 48.
Qd8+ Kf7 49. bxc3 Bh6 50. Kg3 Qe8 51. Qh4 Kg7 52. Be7 Kg8 53. Qf6 Qd7 54. Bc5
Bg7 55. Qd6 Qb7 56. e6 g5 1-0

[Event "Prva liga Centralne Srbije 2010"]
[Site "Valjevo"]
[Date "2010.09.26"]
[Round "11.6"]
[White "Iotov, Valentin"]
[Black "Djukic, Zeljko"]
[Result "1-0"]
[WhiteElo "2588"]
[BlackElo "2382"]
[PlyCount "41"]
[EventDate "2010.09.18"]

1. d4 d5 2. Nf3 Nf6 3. c4 dxc4 4. e3 e6 5. Bxc4 c5 6. O-O Nc6 7. Qe2 a6 8. Rd1
cxd4 9. Nc3 b5 10. Bb3 Be7 11. exd4 Na5 12. Bc2 Bb7 13. Bg5 O-O 14. Ne5 Rc8 15.
Rd3 Nc4 16. Rg3 Qxd4 17. Bxf6 Bxf6 18. Bxh7+ Kh8 19. Rh3 Bh4 20. Be4 Qxe5 21.
Rxh4+ 1-0

[Event "Prva liga Centralne Srbije 2010"]
[Site "Valjevo"]
[Date "2010.09.26"]
[Round "11.6"]
[White "Todorovic, Jovan"]
[Black "Mitrovic, Darko R"]
[Result "1-0"]
[WhiteElo "2417"]
[BlackElo "2342"]
[PlyCount "119"]
[EventDate "2010.09.18"]

1. e4 e6 2. d4 d5 3. Nc3 Bb4 4. e5 c5 5. a3 Bxc3+ 6. bxc3 Ne7 7. a4 Nbc6 8. Nf3
Bd7 9. Be2 Qa5 10. Qd2 cxd4 11. cxd4 Qxd2+ 12. Bxd2 f6 13. Bc3 fxe5 14. Nxe5
Nxe5 15. dxe5 Rc8 16. Kd2 Nc6 17. f4 O-O 18. g3 Rc7 19. Bd3 Be8 20. a5 Bg6 21.
Rhb1 Rfc8 22. Ra2 Kf7 23. Rb5 a6 24. Rb6 Na7 25. Bb4 Bxd3 26. cxd3 Nb5 27. Bd6
Rd7 28. Rb2 Rc6 29. Rxc6 bxc6 30. Bc5 Ke8 31. Rc2 Rf7 32. Ke3 Kd7 33. g4 d4+
34. Ke4 g6 35. Rf2 Kc7 36. Bxd4 Nxd4 37. Kxd4 Rd7+ 38. Ke4 c5 39. Rb2 Rd4+ 40.
Ke3 g5 41. fxg5 Rxg4 42. Rb6 Rxg5 43. Rxe6 Rh5 44. Ke4 Rxh2 45. Rxa6 Ra2 46.
Kd5 Ra3 47. Kxc5 Rxd3 48. Ra7+ Kc8 49. Rxh7 Ra3 50. Kc6 Kd8 51. Ra7 Rc3+ 52.
Kd6 Rd3+ 53. Ke6 Rh3 54. a6 Rh6+ 55. Kd5 Rb6 56. e6 Rb1 57. Rd7+ Ke8 58. a7 Ra1
59. Rb7 Rd1+ 60. Kc4 1-0

[Event "Prva liga Centralne Srbije 2010"]
[Site "Valjevo"]
[Date "2010.09.26"]
[Round "11.6"]
[White "Mihic, Bojan"]
[Black "Kostic, Nebojsa"]
[Result "1/2-1/2"]
[WhiteElo "2413"]
[BlackElo "2338"]
[PlyCount "69"]
[EventDate "2010.09.18"]

1. Nf3 b5 2. e4 Bb7 3. Bxb5 Bxe4 4. O-O Nf6 5. Re1 e6 6. d4 Be7 7. c4 O-O 8.
Nc3 Bb7 9. a3 d6 10. d5 c6 11. dxc6 Nxc6 12. Nd4 Nxd4 13. Qxd4 Qc7 14. b3 a6
15. Ba4 Rfd8 16. Bb2 Rac8 17. Rac1 Qc5 18. Qd2 Qh5 19. Re3 Qg5 20. f4 Qxf4 21.
Rf1 Qg5 22. Qe2 Rc5 23. Rg3 Qh5 24. b4 Rg5 25. Rxg5 Qxg5 26. Bc2 Qh4 27. Nd1
Qg4 28. Qf2 Qxc4 29. Ne3 Qc6 30. Qh4 h6 31. Bxf6 Bxf6 32. Rxf6 Qc3 33. Rf2 Rd7
34. Qg3 Qxa3 35. Qf4 1/2-1/2

[Event "Prva liga Centralne Srbije 2010"]
[Site "Valjevo"]
[Date "2010.09.26"]
[Round "11.6"]
[White "Stankovic, Dejan"]
[Black "Jesic, Dusan"]
[Result "1/2-1/2"]
[WhiteElo "2240"]
[BlackElo "2363"]
[PlyCount "64"]
[EventDate "2010.09.18"]

1. e4 c5 2. Nf3 d6 3. Bb5+ Nd7 4. O-O Ngf6 5. e5 dxe5 6. Nxe5 a6 7. Nxd7 Bxd7
8. Bxd7+ Qxd7 9. Qf3 e6 10. Nc3 Be7 11. d3 O-O 12. a4 Rac8 13. Bf4 Ne8 14. Rfe1
Bf6 15. Qg3 Bxc3 16. bxc3 f6 17. Qg4 Rc6 18. Rab1 Rf7 19. c4 g5 20. Bd2 Ng7 21.
Bc3 h5 22. Qe4 e5 23. a5 Rd6 24. Rb3 Qc6 25. Qxc6 Rxc6 26. Reb1 Rcc7 27. Rb6
Ne8 28. g3 g4 29. f3 gxf3 30. Kf2 Rfd7 31. Kxf3 Kf7 32. h3 Nd6 1/2-1/2